00282 a2200097 450000500170000008200180001724500490003526000580008430000240014270000180016620250620130403.0 aLM 342.02 TRI aConstitutions of the Communist Party-States. aHong Kong,bLeland Stanford Junior University,c1968. axiii, 541p.:c28cm. aTRISKA, J. F.